[Event "40th ECC Open 2025"]
[Site "Rhodes GRE"]
[Date "2025.10.21"]
[Round "3.63"]
[White "Olsen, Filip Boe"]
[Black "Volokitin, Andrei"]
[Result "0-1"]
[WhiteTitle "IM"]
[BlackTitle "GM"]
[WhiteElo "2451"]
[BlackElo "2617"]
[WhiteTeam "Silla-Integrant Col.lectius"]
[BlackTeam "Tuxera Aquaprofit Nagykanizsai Sakk Klub"]
[WhiteFideId "1440640"]
[BlackFideId "14107090"]
[EventDate "2025.10.19"]
[EventType "team"]

1. d4 Nf6 2. c4 e6 3. Nc3 Bb4 4. e3 c5 5. Ne2 d5 6. dxc5 Nc6 7. a3 Bxc5 8. b4
Bb6 9. Nf4 d4 10. exd4 Bxd4 11. Nfe2 Ne4 12. Nxe4 Bxa1 13. Nd6+ Kf8 14. Bf4 Be5
15. Bxe5 Nxe5 16. Nc3 f6 17. c5 b6 18. f4 Nf7 19. Bc4 bxc5 20. bxc5 Qa5 21. Qd4
Nxd6 22. cxd6 Bd7 23. O-O Qb6 24. Ne2 Rc8 25. Ba2 Rc6 26. Rb1 Qxd4+ 27. Nxd4
Rxd6 28. Nxe6+ Bxe6 29. Bxe6 Rxe6 0-1

[Event "40th ECC Open 2025"]
[Site "Rhodes GRE"]
[Date "2025.10.21"]
[Round "3.64"]
[White "Samunenkov, Ihor"]
[Black "Domingo Nunez, Ruben"]
[Result "1/2-1/2"]
[WhiteTitle "GM"]
[BlackTitle "IM"]
[WhiteElo "2568"]
[BlackElo "2422"]
[WhiteTeam "Tuxera Aquaprofit Nagykanizsai Sakk Klub"]
[BlackTeam "Silla-Integrant Col.lectius"]
[WhiteFideId "14187086"]
[BlackFideId "22245570"]
[EventDate "2025.10.19"]
[EventType "team"]

1. e4 c6 2. d4 d5 3. e5 Bf5 4. Nf3 e6 5. Be2 Ne7 6. c3 Nd7 7. Nh4 Be4 8. Nd2 Ng6
9. Nxg6 Bxg6 10. h4 h6 11. h5 Bh7 12. Nf3 Qb6 13. a4 a5 14. Bd3 Bxd3 15. Qxd3
Qa6 16. Ke2 c5 17. Bd2 cxd4 18. Qxa6 Rxa6 19. cxd4 Nb8 20. Nh4 Nc6 21. Bc3 Be7
22. Raf1 Na7 23. f4 b5 24. f5 bxa4 25. fxe6 Rxe6 26. Nf5 O-O 27. Ra1 f6 28. Rxa4
fxe5 29. Nxe7+ Rxe7 30. dxe5 Nb5 31. Rh3 d4 32. Bd2 Rxe5+ 33. Kd3 Rf2 34. Rg3
Nd6 35. Bxh6 Nf5 36. Bxg7 Nxg7 37. h6 Re3+ 38. Rxe3 dxe3 39. Rg4 Kh7 40. hxg7
Kg8 41. b3 Rb2 42. Kc3 Ra2 43. Re4 Kxg7 44. Rxe3 Rxg2 45. Kc4 Ra2 46. Rf3 Kg6
47. Rf8 Kg7 48. Ra8 Rc2+ 49. Kd4 Rb2 50. Rb8 Kf6 51. Rb7 Ke6 52. Kc5 Ra2 53. Rb5
Ke5 54. Rb6 Ke4 55. Kc4 a4 56. Rb4 a3 57. Ra4 Ra1 58. Ra5 a2 59. Kb4 Kd4 60. Ka3
Rc1 61. Kxa2 Rc5 62. Ra6 Rc2+ 63. Ka3 Kc5 64. Rh6 1/2-1/2

[Event "40th ECC Open 2025"]
[Site "Rhodes GRE"]
[Date "2025.10.21"]
[Round "3.65"]
[White "Luque Saiz, Andres"]
[Black "Markus, Robert"]
[Result "1/2-1/2"]
[WhiteTitle "FM"]
[BlackTitle "GM"]
[WhiteElo "2343"]
[BlackElo "2535"]
[WhiteTeam "Silla-Integrant Col.lectius"]
[BlackTeam "Tuxera Aquaprofit Nagykanizsai Sakk Klub"]
[WhiteFideId "24510793"]
[BlackFideId "921637"]
[EventDate "2025.10.19"]
[EventType "team"]

1. c4 Nf6 2. Nf3 d6 3. d4 Nbd7 4. Nc3 e5 5. g3 c6 6. d5 cxd5 7. cxd5 Be7 8. Bg2
O-O 9. O-O a6 10. a4 Ne8 11. e4 g6 12. h4 Ng7 13. a5 b5 14. Bh6 Nf6 15. Nh2 Bd7
16. Be3 Qb8 17. Na2 Rc8 18. b3 Bd8 19. Nb4 Qb7 20. Qd2 Nfe8 21. Nf3 Nf6 22. Nh2
Kh8 23. Rfe1 Ng8 24. Nf3 f6 25. Kh2 Nh5 26. Kh1 Ne7 27. Nh2 f5 28. Nf3 Kg8 29.
Ng5 Nf6 30. f4 h6 31. fxe5 dxe5 32. d6 Nc6 33. exf5 Bxf5 34. Nxc6 Rxc6 35. Nf3
e4 36. Ne5 Rcc8 37. Bxh6 Rc5 38. Bf4 Rac8 39. g4 Rc2 40. Qd1 Rxg2 41. Kxg2 Be6
42. d7 Rc3 43. Rc1 Rxc1 44. Qxc1 Nxd7 45. Kg3 Nf8 46. Nc6 Bf6 47. g5 Bg7 48.
Rxe4 Qd7 49. Ne5 Qd5 50. Re3 Kh7 51. Qe1 Bf5 52. Ng4 Ne6 53. Nf6+ Bxf6 54. gxf6
Kg8 55. Qf1 Be4 56. Qe2 Nd4 57. Qf2 1/2-1/2

[Event "40th ECC Open 2025"]
[Site "Rhodes GRE"]
[Date "2025.10.21"]
[Round "3.66"]
[White "Medvegy, Zoltan Dr."]
[Black "Garcia Molina, Jose"]
[Result "1-0"]
[WhiteTitle "GM"]
[BlackTitle "FM"]
[WhiteElo "2518"]
[BlackElo "2206"]
[WhiteTeam "Tuxera Aquaprofit Nagykanizsai Sakk Klub"]
[BlackTeam "Silla-Integrant Col.lectius"]
[WhiteFideId "708402"]
[BlackFideId "32030592"]
[EventDate "2025.10.19"]
[EventType "team"]

1. c4 Nf6 2. Nf3 e6 3. g3 d5 4. Bg2 Nbd7 5. b3 Bd6 6. Ba3 Bxa3 7. Nxa3 c6 8. O-O
Qe7 9. Qc1 O-O 10. Qb2 a6 11. d4 b5 12. Nc2 a5 13. c5 Re8 14. a3 e5 15. dxe5
Nxe5 16. Nxe5 Qxe5 17. Qxe5 Rxe5 18. Nd4 Bd7 19. h3 a4 20. b4 Rae8 21. Rac1 R8e7
22. Rc3 h5 23. Rd1 g5 24. f3 Re3 25. Rdc1 Nh7 26. Kf2 Rxc3 27. Rxc3 Nf8 28. f4
g4 29. hxg4 hxg4 30. f5 Kg7 31. Re3 Kf6 32. Rxe7 Kxe7 33. e4 Kf6 34. exd5 cxd5
35. c6 Ke5 36. cxd7 1-0

[Event "40th ECC Open 2025"]
[Site "Rhodes GRE"]
[Date "2025.10.21"]
[Round "3.67"]
[White "Suleymanli, Aydin"]
[Black "Smeets, Jan"]
[Result "1-0"]
[WhiteTitle "GM"]
[BlackTitle "GM"]
[WhiteElo "2614"]
[BlackElo "2562"]
[WhiteTeam "Vugar Gashimov"]
[BlackTeam "LSG Leiden"]
[WhiteFideId "13413937"]
[BlackFideId "1007246"]
[EventDate "2025.10.19"]
[EventType "team"]

1. e4 e5 2. Nf3 Nf6 3. d4 Nxe4 4. Bd3 d5 5. Nxe5 Nd7 6. O-O Nxe5 7. dxe5 Nc5 8.
Be2 Be7 9. c3 c6 10. Be3 O-O 11. Nd2 Re8 12. f4 Bf8 13. b4 Nd7 14. Nf3 Nf6 15.
Ng5 Ne4 16. Nxe4 dxe4 17. Qc2 f5 18. exf6 Qxf6 19. f5 Bd6 20. g4 Be5 21. Rad1
Qf7 22. Kh1 b5 23. c4 Bb7 24. cxb5 cxb5 25. Bxb5 Rec8 26. Qe2 Rc7 27. Bc5 Qf6
28. Bc4+ Kh8 29. Bd5 Qh4 30. Bxb7 Rxb7 31. Rf2 1-0

[Event "40th ECC Open 2025"]
[Site "Rhodes GRE"]
[Date "2025.10.21"]
[Round "3.68"]
[White "De Jong, Jan-Willem"]
[Black "Nogerbek, Kazybek"]
[Result "1/2-1/2"]
[WhiteTitle "IM"]
[BlackTitle "GM"]
[WhiteElo "2420"]
[BlackElo "2543"]
[WhiteTeam "LSG Leiden"]
[BlackTeam "Vugar Gashimov"]
[WhiteFideId "1008641"]
[BlackFideId "13710427"]
[EventDate "2025.10.19"]
[EventType "team"]

1. d4 Nf6 2. c4 e6 3. Nc3 d5 4. cxd5 exd5 5. Bg5 Be7 6. e3 O-O 7. Bd3 Re8 8.
Nge2 c6 9. O-O a5 10. Rc1 Nbd7 11. f3 b5 12. Bh4 Ba6 13. Bf2 b4 14. Na4 Bxd3 15.
Qxd3 Rc8 16. Rc2 c5 17. dxc5 Nxc5 18. Nxc5 Rxc5 19. Rfc1 Rxc2 20. Rxc2 Qb6 21.
Nd4 Bc5 22. b3 g6 23. Qd1 Nd7 24. Rd2 Rc8 25. Rc2 Re8 26. Rd2 Qf6 27. Qf1 Qb6
28. Qd1 1/2-1/2

[Event "40th ECC Open 2025"]
[Site "Rhodes GRE"]
[Date "2025.10.21"]
[Round "3.69"]
[White "Ahmadzada, Ahmad"]
[Black "Bosman, Michiel"]
[Result "1-0"]
[WhiteTitle "GM"]
[BlackTitle "IM"]
[WhiteElo "2523"]
[BlackElo "2306"]
[WhiteTeam "Vugar Gashimov"]
[BlackTeam "LSG Leiden"]
[WhiteFideId "13413007"]
[BlackFideId "1000721"]
[EventDate "2025.10.19"]
[EventType "team"]

1. e4 e5 2. Nf3 Nc6 3. Bc4 Bc5 4. c3 Nf6 5. d3 d6 6. O-O a5 7. Re1 Ba7 8. Bb3
O-O 9. h3 h6 10. d4 Re8 11. Bc2 b5 12. Be3 Bb7 13. Nbd2 Qd7 14. a4 exd4 15. Bxd4
Nxd4 16. cxd4 b4 17. Bd3 Re7 18. Qc2 Qe8 19. Rac1 Rc8 20. Bb5 c6 21. Bd3 Qd8 22.
e5 Ne8 23. Bf5 Ra8 24. e6 Nc7 25. exf7+ Rxf7 26. Nc4 Bb8 27. Re2 Rf8 28. Rce1
Ba6 29. Re7 1-0

[Event "40th ECC Open 2025"]
[Site "Rhodes GRE"]
[Date "2025.10.21"]
[Round "3.70"]
[White "Sirin, Atakan"]
[Black "Samadov, Read"]
[Result "1/2-1/2"]
[WhiteTitle "FM"]
[BlackTitle "IM"]
[WhiteElo "2346"]
[BlackElo "2523"]
[WhiteTeam "LSG Leiden"]
[BlackTeam "Vugar Gashimov"]
[WhiteFideId "6303307"]
[BlackFideId "13417444"]
[EventDate "2025.10.19"]
[EventType "team"]

1. d4 Nf6 2. Nc3 d5 3. Bf4 c5 4. e4 Nxe4 5. Nxe4 dxe4 6. dxc5 Nd7 7. Qd5 e6 8.
Qxe4 Nxc5 9. Qe3 Be7 10. Ne2 O-O 11. Nc3 Bd7 12. O-O-O Qa5 13. Bd6 Bxd6 14. Rxd6
Rac8 15. Kb1 Bc6 16. a3 Nd7 17. Be2 Qe5 18. Qd2 Bxg2 19. Rg1 Bc6 20. f4 Qc5 21.
Rg5 Qf2 22. Rxd7 Bxd7 23. Ne4 Qxh2 24. Nf6+ Kh8 25. Nxd7 Rfd8 26. Qd4 f6 27.
Rxg7 e5 28. Qd6 Qxe2 29. Rxh7+ Kxh7 30. Qe7+ Kh8 31. Qxf6+ Kg8 32. Qg5+ Kh8 33.
Qh6+ Kg8 34. Qg6+ Kh8 35. Qh6+ 1/2-1/2

[Event "40th ECC Open 2025"]
[Site "Rhodes GRE"]
[Date "2025.10.21"]
[Round "3.71"]
[White "Babazada, Khazar"]
[Black "Roobol, Martin"]
[Result "1-0"]
[WhiteTitle "IM"]
[BlackTitle "FM"]
[WhiteElo "2502"]
[BlackElo "2262"]
[WhiteTeam "Vugar Gashimov"]
[BlackTeam "LSG Leiden"]
[WhiteFideId "13413554"]
[BlackFideId "1004468"]
[EventDate "2025.10.19"]
[EventType "team"]

1. e4 e5 2. Nf3 Nc6 3. Bb5 a6 4. Ba4 Nf6 5. d3 d6 6. c3 Be7 7. O-O O-O 8. Re1 h6
9. Nbd2 Re8 10. Nf1 b5 11. Bc2 Bf8 12. d4 exd4 13. cxd4 Bg4 14. Ng3 Nb4 15. Bb1
c5 16. d5 a5 17. h3 Bxf3 18. gxf3 g6 19. f4 Bg7 20. a3 Na6 21. a4 bxa4 22. Rxa4
Nb4 23. Ra3 Ra7 24. Rae3 Rae7 25. Bd2 h5 26. Bc3 h4 27. Nf1 Rb7 28. Qf3 Bh6 29.
Nh2 Nh5 30. Ng4 Bg7 31. Kh1 Bd4 32. R3e2 Nf6 33. Ne3 Rbe7 34. Nc4 a4 35. f5 Nd7
36. Rg1 Ne5 37. Nxe5 Rxe5 38. fxg6 f6 39. Qg4 Kg7 40. f4 f5 41. Qg2 R5e7 42. Qf2
Bxc3 43. bxc3 Nxd5 44. Rd2 Nf6 45. e5 Qa8+ 46. Rg2 dxe5 47. Rd6 Qb8 48. Rxf6
Qxb1+ 49. Kh2 Kxf6 50. g7 Qe4 51. Qxh4+ Ke6 52. Qh6+ Kd5 53. Qa6 Qxf4+ 54. Kh1
Qf3 55. Kh2 Qxg2+ 56. Kxg2 Rxg7+ 57. Kf3 Reg8 58. Qd3+ Ke6 59. Qa6+ Ke7 60. Qa7+
Kf6 61. Qb6+ Kg5 62. Qxc5 e4+ 63. Kg3 a3 64. h4+ Kh5+ 65. Kf4 Rg4+ 66. Ke3 Rg3+
67. Kd4 Rd3+ 68. Ke5 a2 69. Qa7 Kg4 70. Qxa2 Re8+ 71. Kf6 Rd6+ 72. Kf7 Ree6 73.
Qg2+ Kxh4 74. Qh2+ Kg4 75. Qg2+ Kf4 76. Qf2+ Ke5 77. Qc5+ Rd5 78. Qc7+ Red6 79.
c4 Kd4 80. cxd5 Rxd5 81. Ke6 Rc5 82. Qa7 Kc4 83. Qa4+ Kd3 84. Qd1+ Kc3 85. Kd6
Rb5 86. Qc1+ Kd4 87. Qd2+ Kc4 88. Qc2+ Kd4 89. Kc6 Rb8 90. Qc5+ 1-0

[Event "40th ECC Open 2025"]
[Site "Rhodes GRE"]
[Date "2025.10.21"]
[Round "3.72"]
[White "Hofman, Marnix"]
[Black "Manafov, Vugar"]
[Result "0-1"]
[BlackTitle "IM"]
[WhiteElo "2218"]
[BlackElo "2420"]
[WhiteTeam "LSG Leiden"]
[BlackTeam "Vugar Gashimov"]
[WhiteFideId "1008668"]
[BlackFideId "13410814"]
[EventDate "2025.10.19"]
[EventType "team"]

1. d4 Nf6 2. c4 e6 3. Nc3 Bb4 4. e3 O-O 5. Bd3 d5 6. a3 Bxc3+ 7. bxc3 dxc4 8.
Bxc4 c5 9. Ne2 Qc7 10. Bd3 Nc6 11. f4 b6 12. O-O Bb7 13. Ng3 cxd4 14. cxd4 Ne7
15. e4 Qc3 16. Ra2 Qxd4+ 17. Kh1 Ng6 18. Rd2 Qc5 19. Bb2 Rad8 20. Qe2 Kh8 21. h3
e5 22. fxe5 Nxe5 23. Rf5 Rfe8 24. Bb1 Rxd2 25. Qxd2 Nfd7 26. Qe2 f6 27. Ba2 Qd6
28. Rf1 Qd3 29. Qf2 Nc5 30. Bb1 Qb3 31. Nf5 Qe6 32. Qg3 Qd7 33. Qh4 Ng6 34. Qg3
Nxe4 35. Bxe4 Bxe4 36. Nd6 Bxg2+ 37. Kxg2 Re2+ 38. Rf2 Qc6+ 39. Kg1 Rxb2 40. Ne4
Ne5 41. Qxe5 Qc1+ 0-1

[Event "40th ECC Open 2025"]
[Site "Rhodes GRE"]
[Date "2025.10.21"]
[Round "3.73"]
[White "Seel, Christian"]
[Black "Gelfand, Boris"]
[Result "1/2-1/2"]
[WhiteTitle "IM"]
[BlackTitle "GM"]
[WhiteElo "2481"]
[BlackElo "2636"]
[WhiteTeam "KSK Rochade (BEL)"]
[BlackTeam "Rishon Le Zion #1"]
[WhiteFideId "4663098"]
[BlackFideId "2805677"]
[EventDate "2025.10.19"]
[EventType "team"]

1. Nf3 d5 2. d4 Nf6 3. e3 c5 4. c3 Nbd7 5. c4 dxc4 6. Bxc4 e6 7. O-O a6 8. a4
Be7 9. dxc5 Bxc5 10. b3 b6 11. Bb2 Bb7 12. Nbd2 O-O 13. Qe2 Qe7 14. Ne1 Bd6 15.
Nd3 Nc5 16. Nxc5 Bxc5 17. Rfd1 Rfd8 18. Nf3 Rxd1+ 19. Rxd1 Rd8 20. h3 Rxd1+ 21.
Qxd1 Qc7 22. Ne5 h6 23. Bf1 a5 24. Bc4 Bd6 25. Qd4 Bc5 26. Qd1 Bd6 27. Qd4 Bc5
28. Qd1 1/2-1/2

[Event "40th ECC Open 2025"]
[Site "Rhodes GRE"]
[Date "2025.10.21"]
[Round "3.74"]
[White "Rodshtein, Maxim"]
[Black "Nagy, Gabor1"]
[Result "1-0"]
[WhiteTitle "GM"]
[BlackTitle "GM"]
[WhiteElo "2647"]
[BlackElo "2441"]
[WhiteTeam "Rishon Le Zion #1"]
[BlackTeam "KSK Rochade (BEL)"]
[WhiteFideId "2806851"]
[BlackFideId "737119"]
[EventDate "2025.10.19"]
[EventType "team"]

1. d4 Nf6 2. c4 e6 3. Nc3 d5 4. cxd5 exd5 5. Bg5 Bb4 6. e3 h6 7. Bh4 g5 8. Bg3
Ne4 9. a3 Bxc3+ 10. bxc3 h5 11. f3 Nxg3 12. hxg3 Qe7 13. Kf2 Be6 14. c4 Nc6 15.
Rb1 dxc4 16. Qa4 Bd7 17. Qxc4 b6 18. Bd3 Rh6 19. Qc3 f5 20. Ne2 O-O-O 21. Rhc1
Qd6 22. Rb5 Rf6 23. f4 gxf4 24. Nxf4 Kb8 25. Rd5 Qe7 26. Bb5 Be8 27. Rxd8+ Qxd8
28. d5 Ne5 29. Qxe5 Bxb5 30. Ne6 Rxe6 31. Qxe6 h4 32. Qxf5 Qh8 33. gxh4 Qxh4+
34. Kg1 Qe7 35. Qf4 Bd3 36. Rc6 Kb7 37. a4 Qg7 38. Kh2 a5 39. Re6 Qh7+ 40. Rh6
Qd7 41. d6 c5 42. Rf6 Ka6 43. Rf7 Qd8 44. Rf8 Qd7 45. Ra8+ Kb7 46. Qf3+ 1-0

[Event "40th ECC Open 2025"]
[Site "Rhodes GRE"]
[Date "2025.10.21"]
[Round "3.75"]
[White "Glek, Igor"]
[Black "Steinberg, Nitzan"]
[Result "1/2-1/2"]
[WhiteTitle "GM"]
[BlackTitle "GM"]
[WhiteElo "2432"]
[BlackElo "2554"]
[WhiteTeam "KSK Rochade (BEL)"]
[BlackTeam "Rishon Le Zion #1"]
[WhiteFideId "4100484"]
[BlackFideId "2801795"]
[EventDate "2025.10.19"]
[EventType "team"]

1. e4 c5 2. Nf3 d6 3. Nc3 Nf6 4. d4 cxd4 5. Nxd4 Nc6 6. g3 g6 7. Bg2 Nxd4 8.
Qxd4 Bg7 9. O-O O-O 10. a4 Be6 11. Qd2 Rc8 12. Nd5 Nd7 13. a5 Ne5 14. Ra2 Rc5
15. b3 Nc6 16. b4 Bxd5 17. exd5 Bc3 18. bxc5 Bxd2 19. Bxd2 Ne5 20. Rb1 Nc4 21.
Bh6 dxc5 22. Bxf8 Kxf8 23. Rxb7 a6 24. Ra4 Qc8 25. Rxc4 Qxb7 26. Rxc5 Qb4 27.
Rc8+ Kg7 28. c4 Qxa5 29. c5 Qc3 30. c6 a5 31. Ra8 Qc5 32. h4 Kf6 33. Kh2 Ke5 34.
Rb8 f5 35. Rb7 a4 36. c7 a3 37. Ra7 Kd6 38. Rxa3 Kxc7 39. Re3 Kd7 40. Re2 Qc4
41. Re6 Qd4 42. f4 Qg7 1/2-1/2

[Event "40th ECC Open 2025"]
[Site "Rhodes GRE"]
[Date "2025.10.21"]
[Round "3.76"]
[White "Sokolovsky, Yahli"]
[Black "Berczes, David"]
[Result "1-0"]
[WhiteTitle "GM"]
[BlackTitle "GM"]
[WhiteElo "2539"]
[BlackElo "2419"]
[WhiteTeam "Rishon Le Zion #1"]
[BlackTeam "KSK Rochade (BEL)"]
[WhiteFideId "2820242"]
[BlackFideId "722960"]
[EventDate "2025.10.19"]
[EventType "team"]

1. e4 e5 2. Nf3 Nc6 3. Bb5 a6 4. Ba4 Nf6 5. O-O Be7 6. d3 d6 7. c3 O-O 8. Re1
Re8 9. Nbd2 Bf8 10. h3 h6 11. d4 b5 12. Bc2 Bb7 13. d5 Nb8 14. b3 c6 15. c4 Nbd7
16. Nf1 Qc7 17. Be3 Rec8 18. Rc1 bxc4 19. bxc4 cxd5 20. cxd5 Qa5 21. Rb1 Nc5 22.
Rb2 Qc7 23. Qb1 a5 24. Bxc5 Qxc5 25. Ba4 Qa3 26. Bb5 Rc3 27. Ne3 Qc5 28. Nd2 g6
29. Nd1 Rc1 30. Qd3 a4 31. a3 Ra1 32. Nb1 Qd4 33. Rb4 Qxd3 34. Bxd3 Bc8 35. Ne3
Nd7 36. Bc4 Nc5 37. Nc2 Rxb1 38. Rbxb1 Be7 39. Nb4 Bg5 40. Nd3 Nxd3 41. Bxd3 Bd7
42. Re2 Kg7 43. Rc2 Bd8 44. Bb5 Rb8 45. Rcb2 1-0

[Event "40th ECC Open 2025"]
[Site "Rhodes GRE"]
[Date "2025.10.21"]
[Round "3.77"]
[White "Harff, Marcel"]
[Black "Zanan, Evgeny"]
[Result "0-1"]
[WhiteTitle "FM"]
[BlackTitle "GM"]
[WhiteElo "2319"]
[BlackElo "2504"]
[WhiteTeam "KSK Rochade (BEL)"]
[BlackTeam "Rishon Le Zion #1"]
[WhiteFideId "24621382"]
[BlackFideId "24101940"]
[EventDate "2025.10.19"]
[EventType "team"]

1. c4 e5 2. Nc3 Nf6 3. Nf3 Nc6 4. e3 Bb4 5. Qc2 Bxc3 6. Qxc3 Qe7 7. a3 d5 8. d4
exd4 9. Nxd4 Nxd4 10. Qxd4 c5 11. Qh4 g5 12. Qxg5 Rg8 13. Qf4 Rg4 14. Qf3 dxc4
15. h3 Re4 16. Qg3 Bf5 17. Qg5 Bg6 18. Bd2 h6 19. Qxh6 O-O-O 20. Rd1 Nd5 21. Qg7
Nxe3 22. Bxe3 Rxe3+ 23. fxe3 Qxe3+ 0-1

[Event "40th ECC Open 2025"]
[Site "Rhodes GRE"]
[Date "2025.10.21"]
[Round "3.78"]
[White "Bronstein, Or"]
[Black "Meessen, Rudolf"]
[Result "1-0"]
[WhiteTitle "IM"]
[BlackTitle "FM"]
[WhiteElo "2460"]
[BlackElo "2200"]
[WhiteTeam "Rishon Le Zion #1"]
[BlackTeam "KSK Rochade (BEL)"]
[WhiteFideId "2815770"]
[BlackFideId "202029"]
[EventDate "2025.10.19"]
[EventType "team"]

1. d4 Nf6 2. c4 g6 3. Nc3 Bg7 4. e4 d6 5. Nf3 O-O 6. Bd3 Nc6 7. d5 Nb4 8. Bb1 a5
9. h3 e5 10. O-O Bd7 11. Re1 Nh5 12. a3 Na6 13. Bc2 Nf4 14. Rb1 g5 15. Nh2 Qf6
16. Ng4 Qg6 17. Ne3 h5 18. Nf5 Bf6 19. b4 axb4 20. axb4 Kh8 21. Kh2 Qh7 22. g3
Ng6 23. Kg2 b6 24. Qf3 Rad8 25. Bd2 Rg8 26. Rh1 Bc8 27. Rb3 Ne7 28. Ne3 Rg6 29.
g4 h4 30. Nf5 Rgg8 31. Nxh4 Kg7 32. Nf5+ Kf8 33. Ng3 Bh8 34. Nh5 Re8 35. Kf1 Rg6
36. Ne2 Nb8 37. Ra3 Nd7 38. Ra7 c5 39. b5 Nf6 40. Neg3 Nxh5 41. Nxh5 Ng8 42. h4
gxh4 43. Rxh4 Bf6 44. Nxf6 Qxh4 45. Nxg8 f6 46. Nh6 Rxh6 47. Bxh6+ Qxh6 48. Rc7
Rd8 49. Kg2 Qg6 50. Bd1 Bd7 51. Kf1 Ke7 52. Ra7 Qh6 53. Qf5 Ke8 54. Qh5+ Qxh5
55. gxh5 Bh3+ 56. Kg1 Rd7 57. Ra8+ Kf7 58. Be2 Rc7 59. Rb8 Ra7 60. Rxb6 Ra2 61.
Rb7+ Kg8 62. Bf3 f5 63. Rc7 Rb2 64. h6 Rb3 65. Bh5 fxe4 66. Bg6 Bg4 67. Bxe4 Kh8
68. Rh7+ 1-0

[Event "40th ECC Open 2025"]
[Site "Rhodes GRE"]
[Date "2025.10.21"]
[Round "3.79"]
[White "Warmerdam, Max"]
[Black "Laurusas, Tomas"]
[Result "1-0"]
[WhiteTitle "GM"]
[BlackTitle "GM"]
[WhiteElo "2582"]
[BlackElo "2504"]
[WhiteTeam "Kfar Saba"]
[BlackTeam "Vilnius MRU-ROSK Consulting"]
[WhiteFideId "1048104"]
[BlackFideId "12803731"]
[EventDate "2025.10.19"]
[EventType "team"]

1. c4 c6 2. Nf3 d5 3. e3 Nf6 4. Nc3 g6 5. d4 Bg7 6. Be2 O-O 7. O-O a6 8. h3 b5
9. b3 Nbd7 10. Bb2 Bb7 11. Qc2 Re8 12. c5 Qc7 13. b4 a5 14. a3 axb4 15. axb4
Rxa1 16. Rxa1 Ra8 17. Re1 Bc8 18. Bd3 Bb7 19. Qb3 Rf8 20. Ne2 Ra8 21. Ng3 Rf8
22. Bc2 Bc8 23. Bc3 Bb7 24. Qb1 Ra8 25. Bb3 e6 26. Qb2 Bc8 27. Ne5 Nf8 28. e4
Ra6 29. Bd2 Nxe4 30. Nxe4 dxe4 31. Rxe4 Bd7 32. Bf4 Qd8 33. Nf3 Be8 34. Be5 Nd7
35. Re1 Nxe5 36. dxe5 Ra7 37. Qc3 Rd7 38. Bc2 Rd5 39. Qe3 Qa8 40. Qc3 Qd8 41.
Qa1 Qc7 42. h4 Qb8 43. g3 Qc7 44. Kg2 Rd8 45. Be4 h5 46. Bc2 Rd5 47. Qc3 Qb8 48.
Qe3 Qc7 49. Be4 Rd8 50. Qg5 Kf8 51. Ra1 Qe7 52. Qf4 Kg8 53. Re1 Qc7 54. Qg5 Kf8
55. Ra1 Qe7 56. Ra6 Rc8 57. Qd2 Qc7 58. Qd4 Rd8 59. Qa1 Kg8 60. Ra7 Qb8 61. Qa6
Qc8 62. Qa5 Qb8 63. Qb6 Rc8 64. Rb7 Qa8 65. Ra7 Qb8 66. Qa6 Kf8 67. Rb7 Qa8 68.
Ra7 Qb8 69. Rb7 Qa8 70. Qb6 Kg8 71. Rc7 Rxc7 72. Qxc7 Bf8 73. Ng5 Bh6 74. Nf3
Bf8 75. Bd3 Qa2 76. Qd8 Qd5 77. Qxe8 Qxd3 78. Ng5 Qf5 79. Qb8 Kg7 80. Qc7 Kg8
81. Qxc6 Qxe5 82. Qe8 Qd5+ 83. Kg1 1-0

[Event "40th ECC Open 2025"]
[Site "Rhodes GRE"]
[Date "2025.10.21"]
[Round "3.80"]
[White "Pultinevicius, Paulius"]
[Black "Gorshtein, Ido"]
[Result "0-1"]
[WhiteTitle "GM"]
[BlackTitle "GM"]
[WhiteElo "2532"]
[BlackElo "2537"]
[WhiteTeam "Vilnius MRU-ROSK Consulting"]
[BlackTeam "Kfar Saba"]
[WhiteFideId "12809390"]
[BlackFideId "2815532"]
[EventDate "2025.10.19"]
[EventType "team"]

1. c4 c5 2. Nc3 g6 3. g3 Bg7 4. Bg2 Nc6 5. a3 e6 6. Rb1 Nge7 7. b4 d6 8. Nf3 O-O
9. O-O b6 10. Qb3 Bb7 11. Bb2 Qd7 12. e3 h6 13. d3 g5 14. h4 g4 15. Ne1 f5 16.
Ne2 e5 17. Bc3 Kh8 18. Qb2 Rf7 19. bxc5 dxc5 20. a4 Qd6 21. Qa3 Rg8 22. a5 f4
23. Be4 fxe3 24. fxe3 Rxf1+ 25. Kxf1 Rf8+ 26. Kg1 Qf6 27. Nf4 Nd4 28. Bxd4 Bxe4
29. dxe4 exd4 30. axb6 axb6 31. Qa7 Nc6 32. Qc7 dxe3 33. Neg2 e2 34. Nxe2 Qf2+
35. Kh2 Ne5 36. Nf4 Rf7 37. Qc8+ Kh7 38. Nh5 Qc2 39. Rg1 Nf3+ 40. Kh1 Nxg1 41.
Kxg1 Qd1+ 0-1

[Event "40th ECC Open 2025"]
[Site "Rhodes GRE"]
[Date "2025.10.21"]
[Round "3.81"]
[White "Boruchovsky, Avital"]
[Black "Klabis, Rokas"]
[Result "1-0"]
[WhiteTitle "GM"]
[BlackTitle "IM"]
[WhiteElo "2509"]
[BlackElo "2391"]
[WhiteTeam "Kfar Saba"]
[BlackTeam "Vilnius MRU-ROSK Consulting"]
[WhiteFideId "2800055"]
[BlackFideId "12805246"]
[EventDate "2025.10.19"]
[EventType "team"]

1. d4 Nf6 2. c4 e6 3. Nf3 Bb4+ 4. Bd2 Qe7 5. g3 Nc6 6. Nc3 Bxc3 7. Bxc3 Ne4 8.
Rc1 d5 9. Bg2 Nxc3 10. Rxc3 O-O 11. O-O Rd8 12. Qc2 Nb4 13. Qb3 a5 14. a3 dxc4
15. Rxc4 Nd5 16. e4 Nf6 17. Ne5 Ne8 18. Re1 Ra6 19. Qc3 Rad6 20. d5 Ra6 21. Ra4
Qd6 22. Nc4 Qc5 23. Rxa5 Rxa5 24. Nxa5 Qxc3 25. bxc3 exd5 26. exd5 Nd6 27. c4
Kf8 28. c5 Nb5 29. Re3 Re8 30. Nc4 Rd8 31. f4 Bd7 32. Rb3 Ra8 33. d6 cxd6 34.
Nb6 1-0

[Event "40th ECC Open 2025"]
[Site "Rhodes GRE"]
[Date "2025.10.21"]
[Round "3.82"]
[White "Vedrickas, Tautvydas"]
[Black "Levin, Guy"]
[Result "1/2-1/2"]
[WhiteTitle "FM"]
[BlackTitle "IM"]
[WhiteElo "2308"]
[BlackElo "2466"]
[WhiteTeam "Vilnius MRU-ROSK Consulting"]
[BlackTeam "Kfar Saba"]
[WhiteFideId "12802654"]
[BlackFideId "2824213"]
[EventDate "2025.10.19"]
[EventType "team"]

1. d4 d5 2. c4 dxc4 3. e4 Nf6 4. e5 Nd5 5. Bxc4 Bf5 6. Qb3 c6 7. Ne2 e6 8. O-O
Qd7 9. Qg3 Nb4 10. Bb3 Nc2 11. Bxc2 Bxc2 12. Na3 Bg6 13. Nc4 Na6 14. Bg5 Nb4 15.
Rfd1 h6 16. Bd2 Nd5 17. a3 Be7 18. Nf4 Nxf4 19. Bxf4 Be4 20. Qxg7 O-O-O 21. Nd6+
Bxd6 22. exd6 Rhg8 23. Qxh6 Rxg2+ 24. Kf1 Rg6 25. Qh5 Rdg8 26. Bg3 f5 27. Rac1
Rg4 28. h3 R4g7 29. Qh4 Rh7 30. Qf4 Rxh3 31. Ke2 Rg4 32. Qe5 Bd5 33. Qf6 Rgxg3
34. Qf8+ Qd8 35. Qxd8+ Kxd8 36. fxg3 Kd7 37. Kd2 Rxg3 38. Rg1 Rb3 39. Kc2 Kxd6
40. Rg7 c5 41. dxc5+ Kxc5 42. Rd7 Rg3 43. Kb1+ Kd4 44. Rd1+ Ke4 45. a4 f4 46. a5
a6 47. Kc1 Rg2 48. Re1+ Kf3 49. Rf7 Kf2 50. Kd2 Kf3+ 51. Kc3 Rg4 52. Kd2 Kf2 53.
Re2+ Kg3 54. Re5 Rh4 55. b4 Rh2+ 56. Kd3 Rb2 57. Rg7+ Kf3 58. Rxd5 exd5 59. Rxb7
Kg2 60. Rg7+ Kf2 61. Kc3 Ra2 62. Rg6 f3 63. Rxa6 Ke1 64. Re6+ Kd1 65. Rf6 Ke2
66. Kb3 Ra1 67. Kb2 Ra4 68. Kb3 Ra1 69. Kb2 Ra4 1/2-1/2